| 000 | 00607nam a2200181 a 4500 | ||
|---|---|---|---|
| 001 | BRCA_1882 | ||
| 005 | 20190320203604.0 | ||
| 008 | 130608s1952----mx-a---###---#000-0#spa-# | ||
| 050 | 4 |
_aNA750 _b.C47 1952 |
|
| 100 | 1 |
_aCervantes, Luis de _95821 |
|
| 245 | 1 | 0 |
_aCrónica arquitectónica _bprehispánica, colonial, contemporánea _cintroducción, selección y notas de Luis de Cervantes. |
| 260 |
_aMéxico _bCIMSA _c1952 |
||
| 300 |
_a110 p. _bil. _c22 cm. |
||
| 610 | 2 | 4 |
_aUniversidad Autónoma de México _95822 |
| 650 | 1 | 4 |
_aArquitectura _zMéxico _9596 |
| 650 | 1 | 4 |
_aArquitectos _zMéxico _95823 |
| 942 |
_2lcc _cB |
||
| 999 |
_c1659 _d1659 |
||